| 000 | 00621nam a2200193 a 4500 | ||
|---|---|---|---|
| 001 | 000024401 | ||
| 005 | 20200930022956.0 | ||
| 008 | 110127s1979 dr d 000 0 spa d | ||
| 040 |
_aDO-SdBNP _bspa _cBNPHU |
||
| 082 |
_axxx _bV162s |
||
| 100 | 1 |
_aValera de León, Bolívar _936808 |
|
| 245 | 1 | 0 |
_aSupervisión escolar en la República Dominicana / _cBolívar Valera de León. |
| 260 |
_aSanto Domingo : _bTaller, _c1979. |
||
| 300 |
_a31 p. : _bdiagr. ; _c19 cm. |
||
| 500 | _aIncluye datos biográficos del autor | ||
| 500 | _aIncluye notas al pie de las páginas | ||
| 504 | _aBibliografía : p. 31 | ||
| 049 | _aBNPD | ||
| 999 |
_c23894 _d23894 |
||